000 00531nam a22001697a 4500
003 OSt
008 260624b |||||||| |||| 00| 0 eng d
082 _a613.04244
_bR18W
245 _aWell-Being of Women : A Holistic Approach/ by Ragini Ranawat...[et al.]
260 _aNew Delhi:
_bInternational Books & Periodicals Supply Service,
_c2024
300 _ax, 413 p.
650 _aTechnology (Applied Sciences)
650 _aPersonal health and hygiene
650 _aAdult women
700 _aRanawat, Ragini
942 _2ddc
_cBK
999 _c52281
_d52281